|
|
|
|
| LEADER |
00000nam0a2200000 4500 |
| 001 |
215193 |
| 005 |
20231101225942.0 |
| 010 |
|
|
|a 5020006874
|
| 035 |
|
|
|a (RuTPU)RU\TPU\book\235092
|
| 090 |
|
|
|a 215193
|
| 100 |
|
|
|a 20120505d1989 km y0rusy50 ca
|
| 101 |
0 |
|
|a rus
|
| 102 |
|
|
|a RU
|
| 105 |
|
|
|a a z 001zb
|
| 200 |
1 |
|
|a Евгений Федорович Саваренский 1911-1980
|f С. Л. Соловьев
|g под ред. Л. Н. Рыкунова
|
| 210 |
|
|
|a Москва
|c Наука
|d 1989
|
| 215 |
|
|
|a 144 с.
|c ил.
|
| 225 |
1 |
|
|a Научно-биографическая серия
|
| 320 |
|
|
|a Библиогр.: с. 1118-134.
|
| 600 |
|
1 |
|a Саваренский
|b Е. Ф.
|c русский геолог-сейсмолог
|f 1911-1980
|g Евгений Федорович
|2 stltpush
|3 (RuTPU)RU\TPU\pers\30131
|9 14536
|
| 610 |
1 |
|
|a геология
|
| 610 |
1 |
|
|a геофизика
|
| 610 |
1 |
|
|a сейсмология
|
| 610 |
1 |
|
|a история
|
| 610 |
1 |
|
|a ученые
|
| 610 |
1 |
|
|a геологи
|
| 610 |
1 |
|
|a 20 век
|
| 675 |
|
|
|a 550.34(092)
|v 3
|
| 700 |
|
1 |
|a Соловьев
|b С. Л.
|g Сергей Леонидович
|
| 702 |
|
1 |
|a Рыкунов
|b Л. Н.
|4 340
|
| 801 |
|
1 |
|a RU
|b 63413507
|c 20120505
|
| 801 |
|
2 |
|a RU
|b 63413507
|c 20121115
|g RCR
|
| 942 |
|
|
|c BK
|